000 00478nam a2200181Ia 4500
008 220805s9999 xx 000 0 und d
020 _a978-81-7223-036-2
041 _aeng
082 _a658.4092
100 _aBlanchard, Kenneth
_988758
260 _aNew Delhi
_bHarper collins
_c2003
245 _aLeadership and the one minute manager
250 _a1
300 _a110
650 _aLeadership
_988759
650 _amanagement
_988760
700 _aZigarmi, Patricia
_988761
999 _c48835
_d48835